Bảo vệ môi trường công nghiệp Việt Nam

Zapisane w:
Opis bibliograficzny
1. autor: Lê, Huy Bá
Kolejni autorzy: Nguyễn, Xuân Hoàn
Format: Książka
Wydane: Tp. Hồ Chí Minh Đại học Quốc gia Tp. Hồ Chí Minh 2017
Hasła przedmiotowe:
Etykiety: Dodaj etykietę
Nie ma etykietki, Dołącz pierwszą etykiete!
Thư viện lưu trữ: Trung tâm Học liệu Lê Vũ Hùng, Trường Đại học Đồng Tháp
LEADER 00855pam a22002538a 4500
001 00040742
005 20180118140111.0
008 110506s2003 ||||||Viesd
020 # # |a 978 604 73 5643 0  |c 265000 
041 0 # |a Vie 
082 1 4 |a 628.5  |b B108V 
100 1 # |a Lê, Huy Bá 
245 0 0 |a Bảo vệ môi trường công nghiệp Việt Nam  |c Lê Huy Bá; Nguyễn Xuân Hoàn 
260 # # |a Tp. Hồ Chí Minh  |b Đại học Quốc gia Tp. Hồ Chí Minh  |c 2017 
300 # # |a 746 tr.  |c 24 cm. 
653 # # |a Công nghiệp 
653 # # |a Ô nhiễm 
653 # # |a Xử lý 
653 # # |a Công nghệ 
653 # # |a Môi trường 
700 1 # |a Nguyễn, Xuân Hoàn 
852 # # |j KD.0023104 
910 |d 18/01/2018 
980 # # |a Trung tâm Học liệu Lê Vũ Hùng, Trường Đại học Đồng Tháp